00571nam a2200169Ia 4500008004100000020001500041041001200056082001600068100001700084245006600101260002500167300000800192650000800200942000700208999001500215952017100230221030s9999 xx 000 0 und d a0071009051 aEnglish a105.23bCat aJ. J. Cathey 0aSchaum`s 2000 Solved Problems in Electronicscby J. J. Cathey bTMHaNew Delhic1991 a532 aECE cBK c8643d8643 pBE 3261g412.00l0o105.23 Catr2024-06-13 00:00:00w2022-10-30yBK003Print4070aMIETLIBbMIETLIBcBL-Academic Block B, FL-2, CUP-12, SH-1, R-1d2001-03-2610HBE